[Event "Gibtelecom ChallWk1 7th"]
[Site "Gibraltar"]
[Date "2009.01.30"]
[Round "4.18"]
[White "Beltran Medina, Jorge"]
[Black "Ercan, Mehmet Fahri"]
[Result "1/2-1/2"]
[WhiteElo "2006"]
[BlackElo "2091"]
[PlyCount "73"]
[EventDate "2009.01.27"]
[EventType "swiss"]
[EventRounds "5"]
[EventCountry "GGB"]
[SourceTitle "BritBase"]
[Source "www.saund.co.uk"]
[SourceDate "2018.02.10"]
[SourceVersion "1"]
[SourceVersionDate "2018.02.10"]
[SourceQuality "1"]

1. d4 d5 2. c4 c6 3. Nf3 e6 4. g3 Bd6 5. Bg2 f5 6. O-O Nf6 7. b3 O-O 8. Ba3
Bxa3 9. Nxa3 Qd6 10. Qc1 Nbd7 11. Qb2 Qe7 12. Rfd1 Ne4 13. Nc2 Ng5 14. Nce1 Nf7
15. Nd3 g5 16. Rac1 h5 17. h4 g4 18. Nfe5 Ndxe5 19. dxe5 Nh8 20. Nf4 Qf7 21.
cxd5 exd5 22. Rxd5 Be6 23. Rd6 Rae8 24. Rcd1 Re7 25. e3 Rfe8 26. Bf1 Kf8 27.
Nxe6+ Rxe6 28. Bc4 Rxd6 29. exd6 Qg7 30. Qc2 Qf6 31. Bd3 Qxd6 32. Bxf5 Qf6 33.
Rd7 Re7 34. Qc5 b6 35. Rd8+ Kg7 36. Qc2 Rxe3 37. Rd7+ 1/2-1/2

[Event "Gibtelecom ChallWk1 7th"]
[Site "Gibraltar"]
[Date "2009.01.30"]
[Round "4.19"]
[White "Helin, Mikael"]
[Black "Madland, Kristoffer"]
[Result "1-0"]
[WhiteElo "1974"]
[BlackElo "1992"]
[PlyCount "63"]
[EventDate "2009.01.27"]
[EventType "swiss"]
[EventRounds "5"]
[EventCountry "GGB"]
[SourceTitle "BritBase"]
[Source "www.saund.co.uk"]
[SourceDate "2018.02.10"]
[SourceVersion "1"]
[SourceVersionDate "2018.02.10"]
[SourceQuality "1"]

1. e4 c5 2. Nc3 Nc6 3. g3 g6 4. Bg2 Bg7 5. d3 d6 6. h3 e6 7. Be3 Nge7 8. Qd2
Rb8 9. h4 b5 10. Bh6 Bxh6 11. Qxh6 Nd4 12. Rc1 Nec6 13. Nf3 Nxf3+ 14. Bxf3 Nd4
15. Bg2 Bd7 16. h5 Qf6 17. Kf1 Ke7 18. e5 Qxe5 19. Re1 Qf5 20. Nd5+ Kd8 21. Be4
Qg4 22. Nf6 Nf5 23. Qd2 Nxg3+ 24. fxg3 Qxg3 25. Qa5+ Ke7 26. Nxd7 Qf4+ 27. Ke2
Kxd7 28. Ref1 Qg4+ 29. Ke1 f5 30. Qxa7+ Kc8 31. Qa6+ Kc7 32. Qc6+ 1-0

[Event "Gibtelecom ChallWk1 7th"]
[Site "Gibraltar"]
[Date "2009.01.30"]
[Round "4.20"]
[White "Machin Arbelo, Pedro Alexi"]
[Black "Kouchak, Jason"]
[Result "1-0"]
[WhiteElo "2134"]
[BlackElo "1960"]
[PlyCount "119"]
[EventDate "2009.01.27"]
[EventType "swiss"]
[EventRounds "5"]
[EventCountry "GGB"]
[SourceTitle "BritBase"]
[Source "www.saund.co.uk"]
[SourceDate "2018.02.10"]
[SourceVersion "1"]
[SourceVersionDate "2018.02.10"]
[SourceQuality "1"]

1. e4 d5 2. exd5 Nf6 3. c4 e6 4. dxe6 Bxe6 5. Be2 Bc5 6. Nf3 Nc6 7. O-O O-O 8.
Nc3 Re8 9. a3 Bf5 10. b4 Bd4 11. Bb2 Ne4 12. Rc1 Nxc3 13. Bxc3 Bxc3 14. Rxc3
Qf6 15. Re3 Red8 16. Qa1 Qxa1 17. Rxa1 Nd4 18. Nxd4 Rxd4 19. d3 Rad8 20. Rd1
Kf8 21. Kf1 c6 22. Ke1 Be6 23. Re4 R4d7 24. g4 g6 25. f4 Kg7 26. h3 Rd4 27. Rc1
h5 28. Kf2 hxg4 29. Rxd4 Rxd4 30. Ke3 Rd7 31. hxg4 Re7 32. Kd2 Bd7 33. Bf3 Kf6
34. Rh1 Be6 35. Rh8 a6 36. a4 Rd7 37. Kc3 Kg7 38. Rb8 Rc7 39. Kd4 Rd7+ 40. Ke3
Re7 41. Kd2 Rd7 42. Kc2 Rc7 43. Rd8 Kf6 44. Kc3 Ke7 45. Rh8 Kf6 46. Rh1 Re7 47.
b5 cxb5 48. axb5 axb5 49. cxb5 Bd7 50. Kb4 Re3 51. g5+ Kf5 52. Be4+ Kxf4 53.
Rf1+ Kxg5 54. Rxf7 Bf5 55. Bxb7 Rxd3 56. b6 Rd7 57. Rxd7 Bxd7 58. Kc5 Kf4 59.
Ba6 g5 60. b7 1-0

[Event "Gibtelecom ChallWk1 7th"]
[Site "Gibraltar"]
[Date "2009.01.30"]
[Round "4.21"]
[White "Gravett, Alan D"]
[Black "Navarro Perez, Manuel"]
[Result "0-1"]
[WhiteElo "1869"]
[BlackElo "2097"]
[PlyCount "70"]
[EventDate "2009.01.27"]
[EventType "swiss"]
[EventRounds "5"]
[EventCountry "GGB"]
[SourceTitle "BritBase"]
[Source "www.saund.co.uk"]
[SourceDate "2018.02.10"]
[SourceVersion "1"]
[SourceVersionDate "2018.02.10"]
[SourceQuality "1"]

1. g3 g6 2. Bg2 Bg7 3. d4 c6 4. e4 d5 5. e5 Bf5 6. Ne2 h5 7. h4 Na6 8. c3 Bxb1
9. Rxb1 Nh6 10. Qb3 Qb6 11. Qxb6 axb6 12. a3 Nf5 13. Nf4 Nc7 14. Be3 e6 15. Nd3
c5 16. dxc5 Nxe3 17. fxe3 bxc5 18. Nxc5 Bxe5 19. Kf2 b6 20. Nd3 Bg7 21. c4 Ra5
22. Rhc1 O-O 23. c5 b5 24. Nb4 Kh7 25. Rc2 Rc8 26. Rd1 Ne8 27. Bf1 Nf6 28. c6
Bh6 29. Rd3 Ne4+ 30. Kf3 Bf8 31. Nxd5 exd5 32. Rxd5 Nd6 33. b4 Rxa3 34. Bxb5
Nf5 35. c7 Nxe3 0-1

[Event "Gibtelecom ChallWk1 7th"]
[Site "Gibraltar"]
[Date "2009.01.30"]
[Round "4.22"]
[White "Dickens, Rupert"]
[Black "Gandrud, Vegar Koi"]
[Result "0-1"]
[WhiteElo "1872"]
[BlackElo "2046"]
[PlyCount "95"]
[EventDate "2009.01.27"]
[EventType "swiss"]
[EventRounds "5"]
[EventCountry "GGB"]
[SourceTitle "BritBase"]
[Source "www.saund.co.uk"]
[SourceDate "2018.02.10"]
[SourceVersion "1"]
[SourceVersionDate "2018.02.10"]
[SourceQuality "1"]

1. d4 d5 2. Nf3 c6 3. e3 Nf6 4. c4 e6 5. Nc3 Nbd7 6. Qc2 Bd6 7. e4 dxe4 8. Nxe4
Nxe4 9. Qxe4 Bb4+ 10. Bd2 Qa5 11. Bd3 Nf6 12. Qe2 O-O 13. O-O Bxd2 14. Nxd2 Rd8
15. Nf3 c5 16. dxc5 Qxc5 17. Rad1 Bd7 18. Rfe1 Bc6 19. Ne5 Rd6 20. Nxc6 Qxc6
21. b3 Rad8 22. h3 h6 23. Bc2 Kf8 24. Rxd6 Rxd6 25. Rd1 Ke7 26. Qe3 b6 27. Qg3
Rxd1+ 28. Bxd1 Qd6 29. Qf3 Qd2 30. Qb7+ Nd7 31. Bf3 Qxa2 32. Bc6 Qa1+ 33. Kh2
Qe5+ 34. g3 Qd6 35. b4 Kd8 36. Bb5 Qc7 37. Qa8+ Ke7 38. Qh8 Kf6 39. Qe8 Ne5 40.
Qa8 Qd6 41. Qe4 Qd3 42. Qf4+ Qf5 43. Qd4 Kg6 44. Qc3 Nf3+ 45. Kg2 Ng5 46. c5
Qd5+ 47. Kg1 bxc5 48. bxc5 0-1

[Event "Gibtelecom ChallWk1 7th"]
[Site "Gibraltar"]
[Date "2009.01.30"]
[Round "4.23"]
[White "Palacios Pena, Gerardo"]
[Black "Hamer, Martyn"]
[Result "0-1"]
[WhiteElo "1850"]
[BlackElo "2022"]
[PlyCount "94"]
[EventDate "2009.01.27"]
[EventType "swiss"]
[EventRounds "5"]
[EventCountry "GGB"]
[SourceTitle "BritBase"]
[Source "www.saund.co.uk"]
[SourceDate "2018.02.10"]
[SourceVersion "1"]
[SourceVersionDate "2018.02.10"]
[SourceQuality "1"]

1. d4 Nf6 2. Nf3 g6 3. Bf4 Bg7 4. c3 O-O 5. h3 d6 6. e3 Nbd7 7. Bc4 c6 8. Nbd2
a5 9. a4 Qe8 10. O-O e5 11. Bh2 Qe7 12. Bb3 e4 13. Ne1 d5 14. c4 Nb6 15. cxd5
Nbxd5 16. Nc4 Rd8 17. Nc2 Be6 18. N2a3 Nb4 19. Ne5 Nfd5 20. Nc2 b5 21. Nxb4
Nxb4 22. Rc1 Rdc8 23. axb5 cxb5 24. Bxe6 Qxe6 25. f3 Rxc1 26. Qxc1 Bxe5 27.
Bxe5 Nd3 28. Qc3 b4 29. Qc7 Nxe5 30. dxe5 a4 31. fxe4 a3 32. bxa3 bxa3 33. Qb7
Rd8 34. Qa7 a2 35. Ra1 Rd2 36. Qa5 Rb2 37. Kh2 Kg7 38. Qd5 h5 39. Kg3 h4+ 40.
Kf3 Qa6 41. Qd1 Qb5 42. e6 fxe6 43. Qd4+ e5 44. Qa7+ Kh6 45. Re1 Qb4 46. Qa8
Qe7 47. Kg4 Qg5+ 0-1

[Event "Gibtelecom ChallWk1 7th"]
[Site "Gibraltar"]
[Date "2009.01.30"]
[Round "4.24"]
[White "Dunlop, Anthony"]
[Black "Bryn, Askild"]
[Result "0-1"]
[WhiteElo "1588"]
[BlackElo "2006"]
[PlyCount "79"]
[EventDate "2009.01.27"]
[EventType "swiss"]
[EventRounds "5"]
[EventCountry "GGB"]
[SourceTitle "BritBase"]
[Source "www.saund.co.uk"]
[SourceDate "2018.02.10"]
[SourceVersion "1"]
[SourceVersionDate "2018.02.10"]
[SourceQuality "1"]

1. Nf3 g6 2. g3 Bg7 3. Bg2 d6 4. d4 Nd7 5. O-O e5 6. Bg5 f6 7. Be3 e4 8. Ne1 f5
9. c3 Ngf6 10. Qc1 h6 11. f3 d5 12. fxe4 dxe4 13. Nc2 Nb6 14. Nba3 Be6 15. b3
c6 16. Bd2 Qd7 17. Ne3 h5 18. Nac4 Nxc4 19. Nxc4 Bxc4 20. bxc4 h4 21. gxh4 Rxh4
22. Bg5 Rh5 23. Qf4 O-O-O 24. h4 Rdh8 25. Kf2 Ng4+ 26. Ke1 Bh6 27. Kd2 Bxg5 28.
hxg5 Qe7 29. Rh1 Qa3 30. Rhb1 Qe7 31. Rb3 Qxg5 32. Qxg5 Rxg5 33. Rab1 Rh7 34.
a4 Nf2 35. Bf1 f4 36. a5 e3+ 37. Kc2 Rxa5 38. Bg2 Ra2+ 39. Kc1 Nd3+ 40. Kd1 0-1

[Event "Gibtelecom ChallWk1 7th"]
[Site "Gibraltar"]
[Date "2009.01.30"]
[Round "4.25"]
[White "Guerrero Beret, Jesus"]
[Black "Carame Gonzalez, Francisco"]
[Result "1/2-1/2"]
[WhiteElo "1964"]
[BlackElo "1959"]
[PlyCount "122"]
[EventDate "2009.01.27"]
[EventType "swiss"]
[EventRounds "5"]
[EventCountry "GGB"]
[SourceTitle "BritBase"]
[Source "www.saund.co.uk"]
[SourceDate "2018.02.10"]
[SourceVersion "1"]
[SourceVersionDate "2018.02.10"]
[SourceQuality "1"]

1. e4 c5 2. Nf3 d6 3. d4 cxd4 4. Qxd4 Nc6 5. Bb5 Bd7 6. Bxc6 Bxc6 7. Nc3 Nf6 8.
Bg5 e6 9. O-O-O Be7 10. Rhe1 O-O 11. Bxf6 Bxf6 12. Qxd6 Bxc3 13. Qxd8 Bxb2+ 14.
Kxb2 Rfxd8 15. Nd4 Ba4 16. Ka3 Be8 17. Nb3 b6 18. e5 Bc6 19. g3 Bd5 20. Nd4
Rac8 21. Kb2 Rc4 22. c3 b5 23. Re3 Kf8 24. f4 b4 25. cxb4 Rxb4+ 26. Nb3 Rdb8
27. Rc1 a5 28. Rec3 g6 29. Rc8+ Kg7 30. Rxb8 Rxb8 31. Ka3 a4 32. Nc5 Rc8 33.
Nd3 Rd8 34. Nb4 Be4 35. Kxa4 Rd2 36. h4 Rf2 37. Rc3 Kh6 38. Kb5 Rf3 39. Rxf3
Bxf3 40. a4 Kh5 41. a5 Kg4 42. Kb6 Kxg3 43. a6 Ba8 44. Nc6 Kxf4 45. Nd8 Kxe5
46. Nb7 f5 47. Ka7 f4 48. Kxa8 f3 49. Nc5 Kd4 50. Nxe6+ Ke3 51. a7 f2 52. Kb8
f1=Q 53. a8=Q Qf3 54. Qa3+ Kf2 55. Qc5+ Kg3 56. Qc7+ Kxh4 57. Qxh7+ Kg4 58. Qd7
Qf5 59. Qd4+ Kf3 60. Qd1+ Ke3 61. Qe1+ Kd3 {etc until move 78} 1/2-1/2

[Event "Gibtelecom ChallWk1 7th"]
[Site "Gibraltar"]
[Date "2009.01.30"]
[Round "4.26"]
[White "Lyons, Brendan"]
[Black "Skage, Oystein Aagedal"]
[Result "1/2-1/2"]
[WhiteElo "2060"]
[BlackElo "1925"]
[PlyCount "52"]
[EventDate "2009.01.27"]
[EventType "swiss"]
[EventRounds "5"]
[EventCountry "GGB"]
[SourceTitle "BritBase"]
[Source "www.saund.co.uk"]
[SourceDate "2018.02.10"]
[SourceVersion "1"]
[SourceVersionDate "2018.02.10"]
[SourceQuality "1"]

1. Nf3 Nf6 2. g3 d5 3. Bg2 e6 4. O-O Be7 5. d3 c5 6. Nbd2 O-O 7. Re1 b5 8. e4
Bb7 9. e5 Nfd7 10. h4 Nc6 11. Nf1 Qc7 12. Bf4 Nb6 13. N1h2 d4 14. Ng5 h6 15.
Ne4 Nd5 16. Bxh6 gxh6 17. Ng4 Nxe5 18. Nxe5 Qxe5 19. Nxc5 Qc7 20. Nxb7 Qxb7 21.
Qg4+ Kh7 22. Qe4+ Kh8 23. Qxd4+ Kg8 24. Qg4+ Kh7 25. Qe4+ Kg7 26. Qg4+ Kh8
1/2-1/2

[Event "Gibtelecom ChallWk1 7th"]
[Site "Gibraltar"]
[Date "2009.01.30"]
[Round "4.27"]
[White "Loberg, Jo Kristian"]
[Black "Haug, Marianne Wold"]
[Result "0-1"]
[WhiteElo "1923"]
[BlackElo "1935"]
[PlyCount "122"]
[EventDate "2009.01.27"]
[EventType "swiss"]
[EventRounds "5"]
[EventCountry "GGB"]
[SourceTitle "BritBase"]
[Source "www.saund.co.uk"]
[SourceDate "2018.02.10"]
[SourceVersion "1"]
[SourceVersionDate "2018.02.10"]
[SourceQuality "1"]

1. e4 c5 2. d4 cxd4 3. c3 g6 4. cxd4 d5 5. e5 Bg7 6. Nc3 Nc6 7. Be3 f6 8. f4
Nh6 9. Be2 Be6 10. Bf2 O-O 11. Nf3 Rc8 12. O-O Na5 13. Rc1 Ng4 14. b3 Bh6 15.
g3 Nc6 16. exf6 exf6 17. Kg2 Qd7 18. Bg1 Bg7 19. Na4 b6 20. Bb5 Qd6 21. Re1
Rfe8 22. Qd2 Bd7 23. Nb2 Nh6 24. Nd3 Nf7 25. Bf2 Re4 26. Bg1 Bg4 27. Bxc6 Rxc6
28. Rxc6 Qxc6 29. Nf2 Rxe1 30. Nxe1 Bf5 31. g4 Bc8 32. Qc2 Qe8 33. Nf3 Nd6 34.
Qc7 Nb5 35. Qc2 f5 36. gxf5 Bxf5 37. Qd2 Be4 38. Nxe4 Qxe4 39. Qe3 Qxe3 40.
Bxe3 Kf7 41. Ne5+ Ke6 42. Kf3 a6 43. a4 Nd6 44. Nc6 Nf5 45. Ne5 Nxe3 46. Kxe3
Kf5 47. Nd7 Bh6 48. Nxb6 Bxf4+ 49. Kf3 Bxh2 50. Nxd5 Bg1 51. Nb4 Bxd4 52. Nxa6
g5 53. Nc7 g4+ 54. Kg2 h5 55. a5 h4 56. Nb5 h3+ 57. Kh1 Be3 58. Nc3 g3 59. Ne2
g2+ 60. Kh2 Kg4 61. a6 Ba7 0-1

[Event "Gibtelecom ChallWk1 7th"]
[Site "Gibraltar"]
[Date "2009.01.30"]
[Round "4.28"]
[White "Quinn, Joseph"]
[Black "Dimitrijevic, Dragan"]
[Result "1/2-1/2"]
[WhiteElo "1835"]
[BlackElo "2069"]
[PlyCount "140"]
[EventDate "2009.01.27"]
[EventType "swiss"]
[EventRounds "5"]
[EventCountry "GGB"]
[SourceTitle "BritBase"]
[Source "www.saund.co.uk"]
[SourceDate "2018.02.10"]
[SourceVersion "1"]
[SourceVersionDate "2018.02.10"]
[SourceQuality "1"]

1. e4 e6 2. d4 c5 3. c3 d5 4. e5 Nc6 5. Nf3 Qb6 6. Be2 cxd4 7. cxd4 Nh6 8. Nc3
Nf5 9. Na4 Qa5+ 10. Bd2 Bb4 11. Bc3 b5 12. a3 Bxc3+ 13. Nxc3 Rb8 14. O-O b4 15.
axb4 Qxb4 16. Ra4 Qxb2 17. Qc1 Qb6 18. Qa3 Bd7 19. Nb5 Nce7 20. Ra6 Qd8 21.
Nd6+ Nxd6 22. Rxd6 Nc8 23. Ra6 Qe7 24. Qxe7+ Kxe7 25. Ra5 Rd8 26. Ba6 Nb6 27.
Bd3 Rb7 28. h3 Rc7 29. Nd2 Rc3 30. Ba6 Ba4 31. Bb7 Rd7 32. Ba6 Rdc7 33. Bb5 Rc2
34. Nf3 Ra2 35. Bxa4 Rxa4 36. Rxa4 Nxa4 37. Ra1 Nb6 38. Nd2 Nc8 39. Nb3 Rc4 40.
Na5 Rc3 41. Kf1 Kd7 42. Ke2 Rc2+ 43. Ke3 Kc7 44. Rb1 Nb6 45. Ra1 Kb8 46. g3
Nc4+ 47. Kd3 Rd2+ 48. Kc3 Nxa5 49. Rb1+ Kc7 50. Kxd2 Nc4+ 51. Kd3 a5 52. Kc3 a4
53. Kb4 a3 54. Rc1 Kc6 55. Ra1 Kb6 56. Rxa3 Nxa3 57. Kxa3 Ka5 58. Kb3 Kb5 59.
f4 g6 60. g4 h6 61. h4 h5 62. g5 Ka5 63. Ka3 Kb5 64. Kb3 Ka5 65. Ka3 Kb5 66.
Kb3 Ka5 67. Ka3 Kb5 68. Kb3 Ka5 69. Ka3 Kb5 70. Kb3 Ka5 1/2-1/2

[Event "Gibtelecom ChallWk1 7th"]
[Site "Gibraltar"]
[Date "2009.01.30"]
[Round "4.29"]
[White "Olsson, Roland"]
[Black "Manetto, Luis"]
[Result "1-0"]
[WhiteElo "1938"]
[BlackElo "1602"]
[PlyCount "57"]
[EventDate "2009.01.27"]
[EventType "swiss"]
[EventRounds "5"]
[EventCountry "GGB"]
[SourceTitle "BritBase"]
[Source "www.saund.co.uk"]
[SourceDate "2018.02.10"]
[SourceVersion "1"]
[SourceVersionDate "2018.02.10"]
[SourceQuality "1"]

1. e4 c5 2. Nf3 d6 3. d4 cxd4 4. Nxd4 Nf6 5. Nc3 a6 6. Bg5 e6 7. Qd2 Be7 8.
O-O-O Nbd7 9. Kb1 Nc5 10. f3 O-O 11. h4 e5 12. Nb3 Be6 13. h5 h6 14. Be3 Nxb3
15. cxb3 Qc7 16. g4 Nh7 17. Be2 Rfd8 18. f4 exf4 19. Bxf4 Rac8 20. Nd5 Bxd5 21.
exd5 Ng5 22. Bd3 Nf3 23. Qe3 Ne5 24. Bf5 Rb8 25. g5 hxg5 26. Bxg5 Bxg5 27. Qxg5
Re8 28. h6 g6 29. Qf6 1-0

[Event "Gibtelecom ChallWk1 7th"]
[Site "Gibraltar"]
[Date "2009.01.31"]
[Round "5.1"]
[White "Getz, Nicolai"]
[Black "Kozlov, Oleg"]
[Result "1-0"]
[WhiteElo "2190"]
[BlackElo "2187"]
[PlyCount "107"]
[EventDate "2009.01.27"]
[EventType "swiss"]
[EventRounds "5"]
[EventCountry "GGB"]
[SourceTitle "BritBase"]
[Source "www.saund.co.uk"]
[SourceDate "2018.02.10"]
[SourceVersion "1"]
[SourceVersionDate "2018.02.10"]
[SourceQuality "1"]

1. e4 c5 2. Nf3 e6 3. d4 cxd4 4. Nxd4 a6 5. Bd3 Qb6 6. Be3 Bc5 7. c3 Nc6 8. Nd2
Nxd4 9. Nc4 Qd8 10. cxd4 Bb4+ 11. Nd2 b5 12. O-O Bb7 13. a4 Nf6 14. e5 Nd5 15.
Ne4 O-O 16. Qh5 g6 17. Qh6 f5 18. exf6 Nxf6 19. Bg5 Be7 20. Nxf6+ Bxf6 21. Bxg6
hxg6 22. Qxg6+ Kh8 23. Ra3 Bxg5 24. Rh3+ Bh4 25. Qh6+ Kg8 26. Rxh4 Qxh4 27.
Qxh4 bxa4 28. Rc1 Rf7 29. Rc3 Rg7 30. Rg3 Rxg3 31. Qxg3+ Kf7 32. Qf4+ Kg7 33.
h4 Rf8 34. Qg5+ Kf7 35. h5 Rg8 36. Qf4+ Ke7 37. f3 Bd5 38. h6 Bb3 39. g4 Bc2
40. Kf2 Bg6 41. Ke3 d6 42. Qg5+ Kf7 43. Qa5 Re8 44. Qc7+ Re7 45. Qxd6 Rb7 46.
Qf4+ Kg8 47. Qf6 Kh7 48. g5 Bh5 49. Qxe6 Rb3+ 50. Ke4 Rxf3 51. Qxa6 Rf7 52. d5
Bf3+ 53. Ke5 Rd7 54. Qd3+ 1-0

[Event "Gibtelecom ChallWk1 7th"]
[Site "Gibraltar"]
[Date "2009.01.31"]
[Round "5.2"]
[White "Lovik, Lasse Ostebo"]
[Black "Kandic, Milan"]
[Result "0-1"]
[WhiteElo "2184"]
[BlackElo "2208"]
[PlyCount "46"]
[EventDate "2009.01.27"]
[EventType "swiss"]
[EventRounds "5"]
[EventCountry "GGB"]
[SourceTitle "BritBase"]
[Source "www.saund.co.uk"]
[SourceDate "2018.02.10"]
[SourceVersion "1"]
[SourceVersionDate "2018.02.10"]
[SourceQuality "1"]

1. e4 c5 2. Nf3 Nc6 3. d4 cxd4 4. Nxd4 e5 5. Nb5 a6 6. Nd6+ Bxd6 7. Qxd6 Qf6 8.
Qd3 Qg6 9. c3 Nf6 10. Nd2 d5 11. exd5 Qxd3 12. Bxd3 Nxd5 13. Nc4 O-O 14. O-O
Rd8 15. Be4 Rb8 16. f4 Nxf4 17. Bxc6 Ne2+ 18. Kh1 bxc6 19. Nxe5 Re8 20. Nxc6
Rb6 21. Nb4 Bb7 22. Nd3 Rg6 23. Rf2 Rd6 0-1

[Event "Gibtelecom ChallWk1 7th"]
[Site "Gibraltar"]
[Date "2009.01.31"]
[Round "5.3"]
[White "Green, Andrew D"]
[Black "Kvisla, Johannes Luangtep"]
[Result "1-0"]
[WhiteElo "2136"]
[BlackElo "2208"]
[PlyCount "73"]
[EventDate "2009.01.27"]
[EventType "swiss"]
[EventRounds "5"]
[EventCountry "GGB"]
[SourceTitle "BritBase"]
[Source "www.saund.co.uk"]
[SourceDate "2018.02.10"]
[SourceVersion "1"]
[SourceVersionDate "2018.02.10"]
[SourceQuality "1"]

1. e4 e5 2. Nf3 Nc6 3. Bb5 a6 4. Ba4 Nf6 5. d3 d6 6. h3 g6 7. c4 Bd7 8. Nc3 Bg7
9. O-O O-O 10. Nd5 h6 11. Be3 Kh7 12. Bc2 Nxd5 13. cxd5 Ne7 14. d4 f6 15. Rc1
c6 16. dxe5 dxe5 17. Bc5 Rh8 18. Qd2 b6 19. dxc6 Nxc6 20. Bxb6 Qxb6 21. Qxd7
Rad8 22. Qe6 Rhe8 23. Qb3 Qxb3 24. Bxb3 Nd4 25. Nxd4 Rxd4 26. Bd5 Re7 27. Rc8
h5 28. Rfc1 f5 29. f3 Bh6 30. R1c2 Be3+ 31. Kf1 h4 32. Ke2 Bf4 33. Ra8 Ra4 34.
Rd8 Rd4 35. Ra8 Ra4 36. b3 Ra5 37. a4 1-0

[Event "Gibtelecom ChallWk1 7th"]
[Site "Gibraltar"]
[Date "2009.01.31"]
[Round "5.4"]
[White "Dasaolu, Adeoye"]
[Black "Vea, Odin Blikra"]
[Result "0-1"]
[WhiteElo "2024"]
[BlackElo "2169"]
[PlyCount "99"]
[EventDate "2009.01.27"]
[EventType "swiss"]
[EventRounds "5"]
[EventCountry "GGB"]
[SourceTitle "BritBase"]
[Source "www.saund.co.uk"]
[SourceDate "2018.02.10"]
[SourceVersion "1"]
[SourceVersionDate "2018.02.10"]
[SourceQuality "1"]

1. Nf3 Nf6 2. c4 e6 3. Qc2 c5 4. Nc3 Nc6 5. d3 Be7 6. g3 b6 7. Bg2 Bb7 8. O-O
O-O 9. Rd1 a6 10. b3 d5 11. cxd5 exd5 12. d4 Rc8 13. Bb2 Qd6 14. Rac1 Rfd8 15.
Qb1 Qe6 16. e3 Ne4 17. dxc5 Nxc3 18. Bxc3 bxc5 19. Qb2 f6 20. Re1 Bd6 21. Rcd1
Ne5 22. Nh4 Bf8 23. f4 Nf7 24. Ba5 Rd7 25. Qd2 Re8 26. e4 d4 27. Qd3 g6 28. Qf1
Qd6 29. Qc4 Rde7 30. b4 Bxe4 31. bxc5 Qc6 32. Bb4 d3 33. Qxd3 a5 34. Bxe4 Rxe4
35. Rxe4 Rxe4 36. Ba3 Bxc5+ 37. Bxc5 Qxc5+ 38. Kg2 Ra4 39. Rd2 Ra3 40. Qe2 Re3
41. Qf2 Qc6+ 42. Nf3 Rc3 43. Qe2 Nd6 44. Qe6+ Kg7 45. Qxd6 Qxf3+ 46. Kh3 Qh5+
47. Kg2 Qf5 48. Qd7+ Kh6 49. Kf2 a4 50. Kg2 0-1

[Event "Gibtelecom ChallWk1 7th"]
[Site "Gibraltar"]
[Date "2009.01.31"]
[Round "5.5"]
[White "Hagen, Anders Gjerdrum"]
[Black "Byron, Alan M"]
[Result "0-1"]
[WhiteElo "2110"]
[BlackElo "2162"]
[PlyCount "72"]
[EventDate "2009.01.27"]
[EventType "swiss"]
[EventRounds "5"]
[EventCountry "GGB"]
[SourceTitle "BritBase"]
[Source "www.saund.co.uk"]
[SourceDate "2018.02.10"]
[SourceVersion "1"]
[SourceVersionDate "2018.02.10"]
[SourceQuality "1"]

1. d4 d5 2. c4 c6 3. Nf3 e6 4. Nc3 dxc4 5. a4 Bb4 6. e4 b5 7. Bd2 a5 8. axb5
Bxc3 9. Bxc3 cxb5 10. b3 Bb7 11. bxc4 b4 12. Qb1 Qc7 13. Bb2 Nd7 14. Bd3 Ne7
15. O-O Ng6 16. Nd2 Nf4 17. Bc2 O-O 18. Qd1 f6 19. Qg4 e5 20. g3 Ng6 21. d5 Nc5
22. Nb3 Bc8 23. Qe2 Bd7 24. Nxc5 Qxc5 25. Ba4 Rfd8 26. Kg2 Nf8 27. f4 Bxa4 28.
Rxa4 Nd7 29. fxe5 fxe5 30. Rf2 Rf8 31. Rxf8+ Rxf8 32. Bc1 Nb6 33. Be3 Qxc4 34.
Qg4 Nxa4 35. Qe6+ Kh8 36. Qe7 Qf1# 0-1

[Event "Gibtelecom ChallWk1 7th"]
[Site "Gibraltar"]
[Date "2009.01.31"]
[Round "5.6"]
[White "Bates, Caspar J"]
[Black "Demac, Elias"]
[Result "1-0"]
[WhiteElo "2142"]
[BlackElo "1993"]
[PlyCount "109"]
[EventDate "2009.01.27"]
[EventType "swiss"]
[EventRounds "5"]
[EventCountry "GGB"]
[SourceTitle "BritBase"]
[Source "www.saund.co.uk"]
[SourceDate "2018.02.10"]
[SourceVersion "1"]
[SourceVersionDate "2018.02.10"]
[SourceQuality "1"]

1. d4 Nf6 2. c4 g6 3. f3 Bg7 4. e4 d6 5. Nc3 O-O 6. Be3 c5 7. dxc5 dxc5 8. Qxd8
Rxd8 9. Bxc5 Nc6 10. Nge2 Nd7 11. Be3 Nde5 12. Nf4 b6 13. Nfd5 Rb8 14. O-O-O e6
15. Ne7+ Kf8 16. Nxc6 Rxd1+ 17. Nxd1 Nxc6 18. Nf2 a6 19. Be2 Nd4 20. Bd3 b5 21.
Rd1 Ke8 22. Bf1 Nc6 23. c5 e5 24. Rd6 Bd7 25. Kb1 Bf8 26. Rd1 Be6 27. b3 Rc8
28. Kb2 f6 29. Rc1 Kf7 30. Ra1 Rb8 31. Nd1 h5 32. Nc3 f5 33. Nd5 Rc8 34. a3 g5
35. Nb6 Rd8 36. Kc3 g4 37. b4 gxf3 38. gxf3 Nd4 39. Bg2 Ne2+ 40. Kc2 Nd4+ 41.
Bxd4 Rxd4 42. Kc3 Bh6 43. Rb1 Bd2+ 44. Kc2 Bf4 45. Bh3 fxe4 46. Bxe6+ Kxe6 47.
fxe4 Rxe4 48. h4 Re2+ 49. Kb3 Re3+ 50. Kc2 Rxa3 51. Rd1 e4 52. c6 Rd3 53. Rxd3
exd3+ 54. Kxd3 Kd6 55. c7 1-0

[Event "Gibtelecom ChallWk1 7th"]
[Site "Gibraltar"]
[Date "2009.01.31"]
[Round "5.7"]
[White "Natalicchio Escalante, Nicolas"]
[Black "Suez-Panama, Gilles"]
[Result "1-0"]
[WhiteElo "2238"]
[BlackElo "2032"]
[PlyCount "57"]
[EventDate "2009.01.27"]
[EventType "swiss"]
[EventRounds "5"]
[EventCountry "GGB"]
[SourceTitle "BritBase"]
[Source "www.saund.co.uk"]
[SourceDate "2018.02.10"]
[SourceVersion "1"]
[SourceVersionDate "2018.02.10"]
[SourceQuality "1"]

1. d4 Nf6 2. c4 g6 3. Nc3 d5 4. h4 c6 5. cxd5 cxd5 6. Nf3 Nc6 7. Bg5 Bg7 8. Qb3
O-O 9. Bxf6 Bxf6 10. e3 e6 11. h5 Na5 12. Qc2 Bd7 13. Bd3 Qe7 14. Rh3 b5 15.
Rg3 b4 16. Ne2 Rfc8 17. Qb1 Be8 18. Nf4 Rc7 19. hxg6 hxg6 20. Bxg6 fxg6 21.
Nxg6 Bxg6 22. Qxg6+ Bg7 23. Ng5 Rac8 24. Qh7+ Kf8 25. Rf3+ Ke8 26. Qg6+ Kd7 27.
Rf7 Kd6 28. Rxe7 Rxe7 29. Nf7+ 1-0

[Event "Gibtelecom ChallWk1 7th"]
[Site "Gibraltar"]
[Date "2009.01.31"]
[Round "5.8"]
[White "Daoudi, Kamal"]
[Black "Dunn, Andrew"]
[Result "0-1"]
[WhiteElo "2209"]
[BlackElo "2216"]
[PlyCount "80"]
[EventDate "2009.01.27"]
[EventType "swiss"]
[EventRounds "5"]
[EventCountry "GGB"]
[SourceTitle "BritBase"]
[Source "www.saund.co.uk"]
[SourceDate "2018.02.10"]
[SourceVersion "1"]
[SourceVersionDate "2018.02.10"]
[SourceQuality "1"]

1. e4 c6 2. d4 d5 3. Nc3 dxe4 4. Nxe4 Bf5 5. Nc5 b6 6. Nb3 e6 7. Nf3 Bd6 8. Bd3
Bg4 9. h3 Bh5 10. O-O Nd7 11. c4 Ngf6 12. Bd2 Qc7 13. Re1 O-O 14. Rc1 c5 15.
Bc3 Rfe8 16. dxc5 bxc5 17. g4 Bg6 18. Bxg6 hxg6 19. Rc2 Bf4 20. Rce2 Rac8 21.
g5 Nh5 22. Qc2 Nb6 23. Be5 Qe7 24. h4 Qb7 25. Re4 Bxe5 26. Nxe5 Nd7 27. Qc3
Red8 28. Qe3 Nxe5 29. Rxe5 Qa6 30. Qc3 Qd6 31. Qe3 Qa6 32. Nxc5 Qxc4 33. b3 Qc2
34. a4 Rd1 35. b4 Rxe1+ 36. Qxe1 Rd8 37. Qe4 Qd1+ 38. Kh2 Rd4 39. Qa8+ Kh7 40.
Ne4 Qg4 0-1